Statistics for U.S. States that Border Kentucky

Click here to take the quiz!

General Stats

  • This quiz has been taken 105 times
  • The average score is 6 of 7

Answer Stats

State% Correct
Ohio
96%
Tennessee
96%
Virginia
93%
West Virginia
93%
Indiana
92%
Illinois
87%
Missouri
87%

Score Distribution

Percentile by Number Answered

Percent of People with Each Score

Your Score History

You have not taken this quiz